Children's literacy development : a cross-cultural perspective on learning to read and write /

Bibliographic Details
Main Author: McBride, Catherine (Author)
Corporate Author: EBSCOhost
Format: eBook
Language:English
Published: New York : Routledge, 2016.
Edition:Second edition.
Series:International texts in developmental psychology.
Subjects:
Online Access:Connect to the full text of this electronic book

MARC

Tag First Indicator Second Indicator Subfields
LEADER 00000cam a22000001i 4500
001 in00003603713
005 20191012063915.0
006 m |o d |
007 cr |n|||||||||
008 151223s2016 nyu ob 001 0 eng d
020 |a 9781317909767 (electronic bk.) 
020 |a 1317909763 (electronic bk.) 
020 |z 9781848722866 
020 |z 1848722869 
020 |z 9781848722873 
020 |z 1848722877 
024 8 |a 40025557634 
035 |a (NhCcYBP)EBSCO1124414 
040 |a NhCcYBP  |c NhCcYBP  |d UtOrBLW 
050 4 |a LC149  |b .M36 2016 
082 0 4 |a 372.6  |2 23 
100 1 |a McBride, Catherine  |e author.  |0 http://id.loc.gov/authorities/names/n2003101500 
245 1 0 |a Children's literacy development :  |b a cross-cultural perspective on learning to read and write /  |c Catherine McBride. 
250 |a Second edition. 
264 1 |a New York :  |b Routledge,  |c 2016. 
300 |a 1 online resource. 
336 |a text  |b txt  |2 rdacontent 
337 |a computer  |b c  |2 rdamedia 
338 |a online resource  |b cr  |2 rdacarrier 
490 1 |a International texts in developmental psychology 
504 |a Includes bibliographical references and index. 
505 0 |a An ecological approach to literacy development -- The development of sound, phonological sensitivity, and language for reading and writing -- Building blocks of reading -- The role of morphological awareness in learning to read and to write (spell) -- Visual and orthographic skills in reading and writing -- Dyslexia -- Reading comprehension -- Writing: spelling and higher-order processes -- Approaches to teaching reading -- Biliteracy and bilingualism. 
588 |a Description based on print version record. 
500 |a Electronic resource. 
650 0 |a Literacy.  |0 http://id.loc.gov/authorities/subjects/sh85077482 
650 0 |a Children  |x Writing.  |0 http://id.loc.gov/authorities/subjects/sh85023490 
650 0 |a Language arts.  |0 http://id.loc.gov/authorities/subjects/sh85074546 
655 7 |a Electronic books.  |2 local 
710 2 |a EBSCOhost. 
776 1 8 |c Original  |z 9781848722866  |z 1848722869  |z 9781848722873  |z 1848722877  |w (DLC) 2015024402 
856 4 0 |u http://proxy.library.tamu.edu/login?url=http://search.ebscohost.com/login.aspx?direct=true&scope=site&db=nlebk&db=nlabk&AN=1124414  |z Connect to the full text of this electronic book  |t 0 
830 0 |a International texts in developmental psychology.  |0 http://id.loc.gov/authorities/names/no2016061416 
955 |a YBP purchased approval e-records 
980 |b 212.50  |g 1 
987 |a ybp12757577 
999 f f |s 56738536-e876-395e-92a1-21101bb9bc35  |i 131b6081-0f45-380d-80b4-a40202fb8b5b  |t 0 
952 f f |a Texas A&M University  |b College Station  |c Electronic Resources  |d Available Online  |t 0  |e LC149 .M36 2016  |h Library of Congress classification 
998 f f |a LC149 .M36 2016  |t 0  |l Available Online